000 00354nam a2200133 i 4500
001 bg
100 1 _aLAPLANCHE, Henri
245 0 _aLes tontes at leurs traitements thermiquesmetallurgie structurale /
_cHenri Laplanche. Vol.1.
260 _aParis,
_c1975.
040 _cBPK
041 _apol
942 _cKS
008 s pl f |000 0 pol
999 _c27236
_d27236
856 _uhttp://koha.tu.koszalin.pl/cgi-bin/koha/opac-detail.pl?biblionumber=27236
_yKatalog online BPK